000 00572nam a2200193 a 4500
001 000044340
003 DO-SdBNP
005 20180403140102.0
007 000044340
008 140620s2003 dr a 000 0 spa d
040 _aBPMET
_bspa
_cBPMET
245 0 4 _aLos derechos del niño, niña y adolescente.
260 _aSanto Domingo :
_bDespacho de la Primera Dama,
_c2003.
300 _a8 p. :
_bil. ;
_c20 cm.
710 1 2 _aDespacho de la Primera Dama
942 _2ddc
_cBK
945 _aREmanejado para la BNPHU, 2018 / BT
956 _aVMATEO
_b10
_c20150522
_lBPMSU
_h0069
999 _c7298
_d7298